书目信息 |
| 题名: |
畜牧业
|
|
| 作者: | 侯水生 , 张志华 主编 | |
| 分册: | ||
| 出版信息: | 北京 化学工业出版社 2005 |
|
| 页数: | 474页 | |
| 开本: | 20cm | |
| 丛书名: | ||
| 单 册: | ||
| 中图分类: | S8 | |
| 科图分类: | ||
| 主题词: | 畜牧业--技术培训--教材 , 畜牧业 | |
| 电子资源: | ||
| ISBN: | 7-5025-6304-0 | |
| 000 | 00949nam0 2200277 450 | |
| 001 | 012007462841 | |
| 005 | 20070522170958.98 | |
| 010 | @a7-5025-6304-0@dCNY32.00 | |
| 100 | @a20070514d2005 km y0chiy0120 ea | |
| 101 | 0 | @achi |
| 102 | @aCN@b110000 | |
| 105 | @ay z 000yy | |
| 106 | @ar | |
| 200 | 1 | @a畜牧业@Achu mu ye@f侯水生,张志华主编@Fhou shui sheng,zhang zhi hua zhu bian |
| 210 | @a北京@c化学工业出版社@d2005 | |
| 215 | @a474页@d20cm | |
| 300 | @a绿色食品基础培训教程 | |
| 304 | @a中国绿色食品发展中心组织编写 | |
| 330 | @a本书是一本阐述畜牧业方面绿色食品生产有关问题的书。详细介绍了猪、牛、羊、鸡、鸭、鹅等家畜、家禽在生产绿色食品过程中的饲养管理、繁殖育种、卫生防疫、疾病防治和屠宰加工等内容。 | |
| 606 | 0 | @a畜牧业@x技术培训@j教材 |
| 606 | 0 | @a畜牧业 |
| 690 | @aS8@v4 | |
| 701 | 0 | @a侯水生@Ahou shui sheng@4主编 |
| 701 | 0 | @a张志华@Azhang zhi hua@c(畜牧业)@4主编 |
| 801 | 0 | @aCN@bRULIN@c20070522 |
| 905 | @dS8@e64@s10 | |
| 畜牧业/侯水生,张志华主编.-北京:化学工业出版社,2005 |
| 474页;20cm |
| 绿色食品基础培训教程 |
| ISBN 7-5025-6304-0:CNY32.00 |
| 本书是一本阐述畜牧业方面绿色食品生产有关问题的书。详细介绍了猪、牛、羊、鸡、鸭、鹅等家畜、家禽在生产绿色食品过程中的饲养管理、繁殖育种、卫生防疫、疾病防治和屠宰加工等内容。 |
| ● |
| 相关链接 |
|
|
|
|
正题名:畜牧业
索取号:S8/64
 
预约/预借
| 序号 | 登录号 | 条形码 | 馆藏地/架位号 | 状态 | 备注 |
| 1 | 0573951 | 205739511 | 第二样本阅览室/ [索取号:S8/64] | 在馆 | |
| 2 | 0573952 | 205739520 | 第三借阅区/ [索取号:S8/64] | 在馆 | |
| 3 | 0573953 | 205739539 | 密集书库/ [索取号:S8/64] | 在馆 | |
| 4 | 0573954 | 205739548 | 密集书库/ [索取号:S8/64] | 在馆 | |
| 5 | 0573955 | 205739557 | 第三借阅区/ [索取号:S8/64] | 在馆 | |
| 6 | 0573956 | 205739566 | 密集书库/ [索取号:S8/64] | 在馆 | |
| 7 | 0573957 | 205739575 | 第三借阅区/ [索取号:S8/64] | 在馆 | |
| 8 | 0573958 | 205739584 | 第三借阅区/ [索取号:S8/64] | 在馆 | |
| 9 | 0573959 | 205739593 | 密集书库/ [索取号:S8/64] | 在馆 | |
| 10 | 0573960 | 205739600 | 密集书库/ [索取号:S8/64] | 在馆 |